00482nam a22001577a 450000500170000000800410001702000180005804100080007608200160008410000280010024500810012826000340020930000070024336500180025065000560026820250227144302.0250225b |||||||| |||| 00| 0 eng d a9780143459941 aEng a158.1b CHE aChenthamarakshan Manoj  a25 Small Habits: Simple Daily Habits to Improve Wealth, Health and Happiness aIndiabPenguin Businessc2023 a85 b199.00cRs.00 aApplied PsychologyvPersonal Improvement & Analysis